The white pine blister rust /
Saved in:
| Main Author: | |
|---|---|
| Corporate Author: | |
| Format: | Book |
| Language: | English |
| Published: |
Boston, [Mass.] :
Massachusetts State Board of Agriculture,
1916.
|
| Series: | State nursery inspection bulletin ;
no. 2 |
| Subjects: | |
| Tags: |
Add Tag
No Tags, Be the first to tag this record!
|
| LEADER | 00632nam a22001817u 4500 | ||
|---|---|---|---|
| 001 | 000000784-6 | ||
| 005 | 20020606090541.3 | ||
| 008 | 830303|1916 ||||||| |||| |0||||eng|d | ||
| 035 | 0 | |a ocm79272437 | |
| 100 | 1 | |a Fernald, H. T. |q (Henry Torsey), |d 1866-1952. | |
| 245 | 1 | 4 | |a The white pine blister rust / |c H.T. Fernald. |
| 260 | 0 | |a Boston, [Mass.] : |b Massachusetts State Board of Agriculture, |c 1916. | |
| 300 | |a 4 p., [1] col. leaf of plates ; |c 23 cm. | ||
| 490 | 0 | |a State nursery inspection bulletin ; |v no. 2 | |
| 650 | 0 | |a White pine |x Diseases and pests. | |
| 710 | 1 | |a Massachusetts. |b State Board of Agriculture. | |
| 988 | |a 20020608 | ||
| 906 | |0 MH | ||


